Postage Stamp Design (Record no. 642)

000 -LEADER
fixed length control field 00259nam a22001217a 4500
003 - CONTROL NUMBER IDENTIFIER
control field OSt
008 - FIXED-LENGTH DATA ELEMENTS--GENERAL INFORMATION
fixed length control field 150215b xxu||||| |||| 00| 0 eng d
041 ## - LANGUAGE CODE
Language code of text/sound track or separate title eng
100 1# - MAIN ENTRY--PERSONAL NAME
Personal name Baxter,James H.,ED
245 10 - TITLE STATEMENT
Title Postage Stamp Design
260 ## - PUBLICATION, DISTRIBUTION, ETC. (IMPRINT)
Name of publisher, distributor, etc. C.1973
300 ## - PHYSICAL DESCRIPTION
Extent 0 pages
Holdings
Withdrawn status Lost status Source of classification or shelving scheme Damaged status Not for loan Permanent Location Current Location Date acquired Total Checkouts Full call number Barcode Date last seen Copy number Price effective from Koha item type
          Northern Philatelic Library Northern Philatelic Library 02/15/2015   G3201 D457 B3555 1000994 04/15/2017 G3201 D457 N27774 06/28/2015 Books

Powered by Koha